000
00252nam a2200109Ia 4500
008
231212s1967 xx 000 0 und d
041
_a
eng
082
_a
621.38173
100
_a
Lee M.A.
245
_a
Tunnel Diodes
260
_a
New Delhi
_b
Tata Mc
_c
1967
999
_c
958365
_d
958365